| 000 | 00443nam a2200181Ia 4500 | ||
|---|---|---|---|
| 008 | 240925s9999 xx 000 0 und d | ||
| 020 | _aNA | ||
| 082 | _a291.51703 NOT | ||
| 100 | _aNot - Available | ||
| 245 | 0 | _aEncyclopedia of Religion and Ethics | |
| 250 | _aNA | ||
| 260 |
_aLondon: _bT+T Clark _c,2003. |
||
| 300 |
_axxiv,880p. _b2 _fOriginal |
||
| 500 | _aNA | ||
| 600 | _aEngineering Technology | ||
| 650 | _aReligion | ||
| 942 | _cBK | ||
| 999 |
_c9076 _d9076 |
||